| 000 | 00735nam a2200253Ia 4500 | ||
|---|---|---|---|
| 003 | OSt | ||
| 005 | 20220924121101.0 | ||
| 006 | a|||||r|||| 00| 0 | ||
| 007 | ta | ||
| 008 | 220923b |||||||| |||| 00| 0 ben d | ||
| 020 | _a9844104815 (hbk) | ||
| 020 | _c100 | ||
| 024 | _a265744 | ||
| 037 |
_bM/2009/43, 03/08/2009, Mukta Dhara _cTextual |
||
| 040 |
_aARTS _cARTS _bben |
||
| 041 |
_2ben _aben |
||
| 082 | _aO157,1N44x, P6 | ||
| 100 |
_aSaha Mahadev _9184240 |
||
| 245 | 0 | _aDur bangshidhwani | |
| 260 |
_aDhaka _bMowla Brothers Bangladesh _c2006 |
||
| 650 | _aBENGALI LITERATURE | ||
| 942 |
_hO157,1N44x, P6 _cTEXL _2CC |
||
| 999 |
_c405763 _d405763 |
||